000 00841nam a2200217 a 4500
001 000036844
005 20241030141145.0
008 120202s2011 dr ac r 000 0 spa d
020 _a9789945443622
040 _aDO-SdBNP
_bspa
_cBNPHU
082 _axxxx
_bP439g
100 1 _aPérez Brown, Marcelle O.,
_d1939-
_934489
245 1 0 _aGascue :
_bjardín urbano /
_cMarcelle O. Pérez Brown ; prólogo María Ugarte.
250 _a2a ed.
260 _aSanto Domingo :
_bBanco Central,
_c2011.
490 1 _aBanco Central de la República Dominicana
_v169
_aCiencias sociales
_v36
500 _aTextos a dos columnas
500 _aIncluye referencias bibliográficas y notas al pie de las páginas
700 1 _aUgarte, María
_d1914-2011
_epról.
_924078
830 0 _aBanco Central de la República Dominicana
_n169
_pCiencias sociales
_n36
_963192
999 _c36335
_d36335